Movies Quiz

Random Movies or Actor Quiz

Movies By Plot and Actor Quiz Stats

 Plays Quiz not verified by Sporcle

Challenge
Share
Tweet
Embed
Score 0/36 Timer 10:00
0 Plays Today
Plot Movie % Correct
A man who became a slave, a slave who became a gladiator, a gladiator who defied an emperor.Gladiator
98.4%
The One must fight in a computerized world to save the real world.The Matrix
96.1%
An ogre tries to save his swamp by rescuing a princess for her dragon-guarded tower.Shrek
95.8%
A wealthy man becomes a superhero in order to save his city from the criminals who are beginning to overrun it.Batman Begins
90.7%
A New York cop attempts to survive and kill terrorists during a robbery in a massive buildingDie Hard
88.2%
Tricked into thinking he killed his father, a guilt ridden lion cub flees into exile and abandons his identity as the future King.Lion King
88%
A smuggler attempts to use a fisherman to find a large diamond in the war over diamonds in Sierra Leone when he has a change of heart.Blood Diamond
86.6%
A man goes under cover to catch the head of organized crime in Boston.The Departed
86.1%
A fellowship of warriors protect a hobbit on his way to throwing an evil ring into the fires of Mount DoomThe Lord Of The Rings: The Fellowship Of The Ring
85.4%
An archeologist and adventurer is hired by the US government to find the Ark of Covenant before the Nazis.Indiana Jones
84.3%
A blacksmith teams up with a pirate captain to save his love interest from the undeadPirates of the Caribbean: The Curse Of The Black Pearl
82.2%
An adaptation of Homer's great epic, two countries fight a war started over a beautiful womanTroy
74.1%
A Dude is mistaken for a millionaire and seeks restitution for his ruined rug and enlists the help of his bowling buds to help get it.The Big Lebowski
73.4%
An American military advisor embraces the Samurai culture he was hired to destroy after he is captured in battle.The Last Samurai
71.1%
A masked vigilante tries to prove a point to the corrupt government who committed a terrible crime in future EuropeV for Vendetta
67.1%
A team of commandos, on a mission in a Central American jungle, find themselves hunted by an extra-terrestrial warrior.Predator
62.7%
On his first day on the job as a narcotics officer, a rookie cop works with a rogue detective who isn't what he appears.Training Day
61.8%
A girl pretends to be a man in the Chinese army to protect her father from the war when the Huns invade.Mulan
61.6%
Plot Movie % Correct
Three musketeers attempt to replace their king with his twin brother in France.Man In The Iron Mask
61.3%
In order to save his children, a lawyer must return to a world where he must re-find his youthful spirit in order to challenge his old enemy who has captured them.Hook
60.6%
A grandfather reads his grandson a classic fairy tale about true love and swordplay The Princess Bride
55.1%
A marksman living in exile is coaxed back into action after learning of a plot to kill the president. Ultimately double-crossed, he goes on the run to find the ones who framed him.Shooter
51.4%
An old hero trains a replacement to fight against his enemy while he attempts to retrieve his long-lost daughterThe Mask of Zorro
46.3%
Two religious twin brothers combat against crime in Boston.Boondock Saints
44.4%
An oppressed Mexican peasant village assembles seven gunfighters to help defend their homes.The Magnificent Seven
32.4%
On a US nuclear missile sub, a young first officer stages a mutiny to prevent his trigger happy captain from launching his missiles before confirming his orders to do so. Crimson Tide
28.2%
A college basketball coach tries to recruit a chief's son in Africa.Air Up There
23.4%
A convict who can see in the dark leads the other members of the ship he was imprisoned on past aliens who come out during the eclipsePitch Black
23.1%
A Man is framed for treason and sent to prison where he learns to fight from an old man and upon his escape, seeks vengeance on those who framed him.The Count of Monte Cristo
22.7%
A young man visiting and helping his uncle in New York City finds himself forced to fight a street gang and the mob with his martial art skills.Rumble In The Bronx
17.1%
A man escapes the captor who raised him because of his unnatural martial arts ability that is triggered when his collar is taken off.Unleashed
16.7%
A former gunslinger is forced to take up arms again when he and his cattle crew are threatened by a corrupt lawman.Open Range
12.3%
A young fighter must go to Austrailia to retrieve his elephant with the help of a Thai-born officer.The Protector
5.6%
A man seeks revenge on the ones who killed his son.Death Sentence
4.9%
A betrayed intelligence officer enlists the aid of a prostitute to prove his innocence from a deadly conspiracy while attempting to retrieve her daughterThe Kiss of the Dragon
3.5%
An FBI Legend Does Work on Crime and WomenBlack Dynamite
2.3%

You're not logged in!

Compare scores with friends on all Sporcle quizzes.
OR
Log In

You Might Also Like...

Show Comments

Extras

Created Jun 21, 2010SourceReportNominate
Tags:Actor Quiz, By Plot, plot

Top Quizzes Today


Score Distribution

Your Account Isn't Verified!

In order to create a playlist on Sporcle, you need to verify the email address you used during registration. Go to your Sporcle Settings to finish the process.

Report this User

Report this user for behavior that violates our Community Guidelines.

Details: